Ciencia y tecnología en América Latina en el siglo XXI
Guardado en:
| 企业作者: | |
|---|---|
| 格式: | 未知 |
| 出版: |
San José:
El Consejo
|
| 标签: |
添加标签
没有标签, 成为第一个标记此记录!
|
MARC
| LEADER | 00000 a2200000 04500 | ||
|---|---|---|---|
| 001 | 19504 | ||
| 003 | |||
| 008 | 991231s d | ||
| 040 | |||
| 090 | |a 023506 | ||
| 110 | |a Consejo Nacional de Investigaciones Científicas y Tecnológicas | ||
| 245 | |a Ciencia y tecnología en América Latina en el siglo XXI | ||
| 260 | |a San José: |b El Consejo | ||
| 300 | |a p. varia | ||
| 999 | |c 12286 |d 12286 | ||
